| 000 | 00564nam a2200193Ia 4500 | ||
|---|---|---|---|
| 003 | GCL | ||
| 008 | 140319s9999 xx 000 0 ara d | ||
| 040 |
_aGCL / _cGCL |
||
| 082 | 0 | 4 |
_a813.01 _bى م |
| 100 | 1 | _aيوسف ادريس | |
| 245 | 1 | 0 |
_aمدينة الملائكة / _cيوسف ادريس |
| 260 |
_a[S.N] : _bالهيئة المصرية العامة للكتاب ، _c1989 |
||
| 300 | _a229 ص | ||
| 490 | _a | ||
| 650 | 0 | 4 | _aالادب العربى |
| 650 | 0 | 4 | _aالقصص العربية |
| 650 | 0 | 4 | _aالقصص القصيرة |
| 942 |
_2ddc _cBK |
||
| 999 |
_c58514 _d58514 |
||